000 00641nam a2200241Ia 4500
003 OSt
005 20220928114539.0
006 a|||||r|||| 00| 0
007 ta
008 220927b |||||||| |||| 00| 0 eng d
024 _a29009
037 _cTextual
040 _aSDCL
_cSDCL
_beng
041 _2eng
_aeng
082 _aX:92, M0
100 _aStewart Valerie
_9439693
245 0 _aPerformance assessment
260 _aToronto
_bColes Publishing
_c1980
300 _ax,182p
_ccm.
700 _a Stewart Andrew
_9439694
942 _hX:92, M0
_cTEXL
_2CC
999 _c755382
_d755382